Biotechnologies in developing countries: present and future. (Record no. 145485)

MARC details
000 -LEADER
fixed length control field 01066cam a2200313Ka 4500
001 - CONTROL NUMBER
control field ocm29772346
003 - CONTROL NUMBER IDENTIFIER
control field 0
005 - DATE AND TIME OF LATEST TRANSACTION
control field 20230123133246.0
008 - FIXED-LENGTH DATA ELEMENTS--GENERAL INFORMATION
fixed length control field 940209s1993 fr a bs i000 0 eng d
020 ## - INTERNATIONAL STANDARD BOOK NUMBER
Canceled/invalid ISBN 9331028758
035 ## - SYSTEM CONTROL NUMBER
-- H130
040 ## - CATALOGING SOURCE
Original cataloging agency PLF
Transcribing agency NUST
Modifying agency VHB
049 ## - LOCAL HOLDINGS (OCLC)
Holding library MAIN
090 ## - LOCALLY ASSIGNED LC-TYPE CALL NUMBER (OCLC); LOCAL CALL NUMBER (RLIN)
Classification number (OCLC) (R) ; Classification number, CALL (RLIN) (NR) TP248.195.D44
100 1# - MAIN ENTRY--PERSONAL NAME
Personal name Sasson, Albert.
245 10 - TITLE STATEMENT
Title Biotechnologies in developing countries: present and future.
Number of part/section of a work Vol. 1,
Name of part/section of a work Regional and national survey /
Statement of responsibility, etc. Albert Sasson.
260 ## - PUBLICATION, DISTRIBUTION, ETC.
Place of publication, distribution, etc. Paris :
Name of publisher, distributor, etc. Unesco Publishing,
Date of publication, distribution, etc. 1993.
300 ## - PHYSICAL DESCRIPTION
Extent xvii, 764 p. :
Other physical details ill. ;
Dimensions 24 cm.
440 #0 - SERIES STATEMENT/ADDED ENTRY--TITLE
Title Future-oriented studies
504 ## - BIBLIOGRAPHY, ETC. NOTE
Bibliography, etc. note Includes bibliographical references.
650 #0 - SUBJECT ADDED ENTRY--TOPICAL TERM
Topical term or geographic name entry element Biotechnology industries
Geographic subdivision Developing countries.
650 #0 - SUBJECT ADDED ENTRY--TOPICAL TERM
Topical term or geographic name entry element Biotechnology
General subdivision Economic aspects
Geographic subdivision Developing countries.
650 #0 - SUBJECT ADDED ENTRY--TOPICAL TERM
Topical term or geographic name entry element Biotechnology
General subdivision Social aspects
Geographic subdivision Developing countries.
650 #0 - SUBJECT ADDED ENTRY--TOPICAL TERM
Topical term or geographic name entry element Industrial surveys
Geographic subdivision Developing countries.
710 2# - ADDED ENTRY--CORPORATE NAME
Corporate name or jurisdiction name as entry element Unesco.
907 ## - LOCAL DATA ELEMENT G, LDG (RLIN)
a .b10070862
b 17-04-03
c 17-04-03
994 ## -
-- 92
-- ZNA
942 ## - ADDED ENTRY ELEMENTS (KOHA)
Koha item type Ordinary Loan Books
Call number prefix TP248.195.D44
Holdings
Date last seen Total Checkouts Full call number Barcode Cost, replacement price Price effective from Koha item type Lost status Source of classification or shelving scheme Damaged status Not for loan Collection Withdrawn status Home library Current library Shelving location Date acquired Cost, normal purchase price
01/23/2023   TP248.195.D44 SAS 92003019255 80.00 01/23/2023 BOOKS   LCC     NFIC   MAIN MAIN GEN 01/23/2023 80.00